000 00606nmm a2200241 a 4500
003 AR-BaBNM
005 20251128203440.0
008 147119s1969 ||||||||||||||000 | spa||
040 _cAR-BaBNM
100 1 _aGirardi, Ulises René
245 1 0 _aReforma educativa y ley de educación
250 _a1ª ed.
260 _aBuenos Aires
_bCREA
_c1969
300 0 _a24 p.
650 4 _aREFORMA DE LA EDUCACION
650 4 _aRELACION ALUMNO-DOCENTE
650 4 _aPEDAGOGIA
650 4 _aPOLITICA EDUCATIVA
653 _aLEGISLACION EDUCATIVA
653 _aLEY 1420
942 _cBK
998 _cCarmen
999 _c3432
_d3432